| 000 | 00867nam a2200301Ia 4500 | ||
|---|---|---|---|
| 001 | Para_7701 | ||
| 003 | CHAP | ||
| 008 | 220125s1918 xx 000 0 und d | ||
| 010 | _a206720 | ||
| 040 | _cCHAP | ||
| 082 | _aPA-C 595.77 D5 | ||
| 100 |
_aCory, E.N. _928426 |
||
| 245 |
_aControl of house flies by the maggot trap method / _c by E.N. Cory |
||
| 260 |
_aMaryland : _b Agr. Exp. Sta. |
||
| 300 | _a103-126 | ||
| 440 |
_aDíptera; 4 _9164251 |
||
| 500 | _aEncuadernado con otros impresos similares | ||
| 650 |
_aControl biológico de insectos _927582 |
||
| 650 |
_aDípteros _x colecciones de escritos _933718 |
||
| 650 |
_aMosca doméstica _9138850 |
||
| 901 | _aPA-C 595.77 D5 | ||
| 902 | _aA | ||
| 905 | _a0000001918 0000000000 00 | ||
| 910 | _a1918 | ||
| 942 | _cPARA | ||
| 942 |
_cPARA _d1 |
||
| 999 |
_c206720 _d206720 |
||